| 000 | 00877cam a2200337M 4500 | ||
|---|---|---|---|
| 001 | 87896 | ||
| 005 | 20230410132823.0 | ||
| 008 | 050503s1993 enka 000 0 eng d | ||
| 035 | _a(OCoLC)ocm60094376 | ||
| 040 |
_aUKV3G _cUKV3G _dFLR _dSINLB |
||
| 015 | _aGB93-61568 | ||
| 020 | _a009177876X | ||
| 020 | _a9780091778767 | ||
| 029 | 1 |
_aNZ1 _b4336303 |
|
| 035 | _a(OCoLC)60094376 | ||
| 082 | 0 | 0 |
_a264 _212a |
| 082 | 0 | 4 |
_a265.1 _221 |
| 049 | _aGRAL | ||
| 050 | 1 | 4 | _a1erAPT1erB222 1993 |
| 245 | 0 | 4 | _aThe Baptism and confirmation book. |
| 260 |
_aLondon : _bEbury Press, _c1993. |
||
| 300 | _a96 p. | ||
| 650 | 0 |
_aBaptism (Liturgy) _xTexts. |
|
| 650 | 4 | _aColección Rene Villarreal. | |
| 650 | 4 | _aCRV | |
| 610 | 2 | 0 |
_aChurch of England _xLiturgy _xTexts. |
| 610 | 2 | 0 |
_aCatholic Church _xLiturgy _xTexts. |
| 942 | _2lcc | ||
| 946 | _amfcruz | ||
| 994 |
_aC0 _bDRFGD |
||
| 999 |
_c88350 _d88350 |
||